Statistics for Countries With The Most Major Earthquakes

Click here to take the quiz!

General Stats

  • This quiz has been taken 57 times
  • The average score is 12 of 17

Answer Stats

#Country% Correct
3Japan
100%
14Chile
96%
2China
96%
6United States
96%
1Canada
92%
7Indonesia
92%
1Mexico
90%
4Russia
90%
1India
88%
2Peru
83%
1Colombia
73%
1Ecuador
67%
1Greece
48%
3Portugal
35%
1Bangladesh
25%
1Samoa
17%
1Tonga
17%

Score Distribution

Percentile by Number Answered

Percent of People with Each Score

Your Score History

You have not taken this quiz